Al-Takhqiq wal idhohu likasiren min masa'ilil hajja wal umrata wal ziyarah (Record no. 127908)

MARC details
000 -LEADER
fixed length control field 00793nam a2200241 i 4500
001 - CONTROL NUMBER
control field C2-0328529
003 - CONTROL NUMBER IDENTIFIER
control field PPAK
005 - DATE AND TIME OF LATEST TRANSACTION
control field 20180728125840.0
008 - FIXED-LENGTH DATA ELEMENTS--GENERAL INFORMATION
fixed length control field 140818s su |||| ||||| | ara d
040 ## - CATALOGING SOURCE
Original cataloging agency PPAK
Language of cataloging eng
Transcribing agency PPAK
Description conventions rda
082 04 - DEWEY DECIMAL CLASSIFICATION NUMBER
Classification number 297.352
Edition number 23
090 00 - LOCALLY ASSIGNED LC-TYPE CALL NUMBER (OCLC); LOCAL CALL NUMBER (RLIN)
Classification number (OCLC) (R) ; Classification number, CALL (RLIN) (NR) 297.352
Feature heading SHE
Feature heading KMN
100 0# - MAIN ENTRY--PERSONAL NAME
Personal name Sheikh Abdul Aziz b. Abdullah,
Relator term author
245 10 - TITLE STATEMENT
Title Al-Takhqiq wal idhohu likasiren min masa'ilil hajja wal umrata wal ziyarah
264 #1 - PRODUCTION, PUBLICATION, DISTRIBUTION, MANUFACTURE, AND COPYRIGHT NOTICE
Place of production, publication, distribution, manufacture Madinah :
Name of producer, publisher, distributor, manufacturer Ihda'ul jamiahtil islamiyah ,
Date of production, publication, distribution, manufacture, or copyright notice [date of publication not identified]
300 ## - PHYSICAL DESCRIPTION
Extent 112 pages ;
Dimensions 14 cm
336 ## - CONTENT TYPE
Source rdacontent
Content type term text
337 ## - MEDIA TYPE
Source rdamedia
Media type term unmediated
338 ## - CARRIER TYPE
Source rdacarrier
Carrier type term volume
500 ## - GENERAL NOTE
General note Teks dalam Bahasa Arab
650 10 - SUBJECT ADDED ENTRY--TOPICAL TERM
Topical term or geographic name entry element Muslim pilgrims and pilgrimages. ; Pillars of Islam.
942 ## - ADDED ENTRY ELEMENTS (KOHA)
-- dc
Koha item type Book
Holdings
Withdrawn Not for loan Current library Shelving location Date acquired Full call number Barcode Date last seen Koha item type
  Not For Loan Perpustakaan Merbok Koleksi Mahmood Naim 01/09/2014 KMN 297.352 SHE A00505175 09/05/2018 Book